000 00756nam a22002537a 4500
999 _c358978
_d358978
001 72687
003 UA-OsUOA
005 20191224094804.0
007 ta
008 20110125b un ||||| |||| 00| 0 ukr d
020 _a978-5-85887-295-5
040 _aUA-OsUOA
_brus
_cUA-OsUOA
_dUA-OsUOA
041 _arus
080 _a94=(411.16-161.1)
090 _a94=(411.16-161.1)
_bС60
100 _aСолженицын А.И.
245 _aДвести лет вместе (1795-1995): в 2 ч.
_nч. 2
260 _aМ.
_bРусский путь
_c2009
300 _a552 с.
650 7 _a9 Географія. Біографії. Історія
_2UDC
942 _cBK
_2udc
955 _a4